[Event "I Open Salinello A"]
[Site "Tortoreto ITA"]
[Date "2015.05.26"]
[Round "1"]
[White "Stopa, Jacek"]
[Black "Varriale, Luca"]
[WhiteElo "2528"]
[BlackElo "2164"]
[Result "1-0"]
[PlyCount "71"]
[EventDate "2015.05.26"]

1. d4 Nf6 2. c4 e6 3. g3 d5 4. Nf3 Be7 5. Bg2 O-O 6. O-O b6 7. cxd5 exd5 8. Nc3
Re8 9. Bf4 Na6 10. Rc1 Bb7 11. a3 c5 12. dxc5 bxc5 13. Ne5 Nc7 14. Qa4 Ne6 15.
Rfd1 Qb6 16. Qb5 Qxb5 17. Nxb5 Ba6 18. Nc3 Rab8 19. Nxd5 Rxb2 20. Nxe7+ Rxe7
21. Nc6 Re8 22. Be5 Rxe2 23. Bxf6 gxf6 24. Bf1 Ng5 25. Bxe2 Bxe2 26. Rd8 Rxd8
27. Nxd8 Nf3+ 28. Kg2 c4 29. Nc6 a6 30. Na5 Nd2 31. Rc2 Bf3+ 32. Kg1 Nb3 33.
Nxc4 Nd4 34. Rd2 Ne2+ 35. Kf1 Nc3 36. Ke1 1-0

[Event "I Open Salinello A"]
[Site "Tortoreto ITA"]
[Date "2015.05.26"]
[Round "1"]
[White "Vianello, Enrico"]
[Black "Sprenger, Jan Michael"]
[WhiteElo "2135"]
[BlackElo "2503"]
[Result "0-1"]
[PlyCount "54"]
[EventDate "2015.05.26"]

1. Nf3 Nf6 2. c4 e6 3. g3 d5 4. b3 c5 5. e3 Nc6 6. Bb2 Be7 7. Bg2 O-O 8. O-O d4
9. exd4 cxd4 10. Re1 Re8 11. Na3 Bc5 12. Nc2 d3 13. Ne3 e5 14. Nd5 Ng4 15. Rf1
e4 16. Ne1 Nd4 17. Bxd4 Bxd4 18. Rb1 Qg5 19. Ne3 a5 20. Kh1 h5 21. f3 Bxe3 22.
dxe3 Nxe3 23. Qd2 Qc5 24. Rf2 Nxg2 25. Rxg2 Bh3 26. Rg1 exf3 27. Nxd3 Qd4 0-1

[Event "I Open Salinello A"]
[Site "Tortoreto ITA"]
[Date "2015.05.27"]
[Round "2"]
[White "Bove, Alessandro"]
[Black "Boruchovsky, Avital"]
[WhiteElo "2318"]
[BlackElo "2517"]
[Result "0-1"]
[PlyCount "66"]
[EventDate "2015.05.26"]

1. e4 c5 2. Nf3 e6 3. d4 cxd4 4. Nxd4 a6 5. Nc3 Qc7 6. Qd3 Nf6 7. Qg3 d6 8. Bd3
b5 9. O-O b4 10. Nb1 Nbd7 11. Bd2 Bb7 12. Re1 Nc5 13. Bxb4 Nfxe4 14. Bxe4 Nxe4
15. Qe3 Be7 16. Nc3 Nf6 17. Rad1 O-O 18. Qh3 Rfe8 19. Nb3 Rab8 20. a3 Nd5 21.
Nxd5 Bxd5 22. Qg3 Qxc2 23. Nd4 Qg6 24. Qxg6 hxg6 25. Ne2 Rb6 26. Rc1 Rc6 27.
Nd4 Rxc1 28. Rxc1 Bf6 29. Rd1 Rc8 30. f4 Rc4 31. Bc3 Be4 32. g3 d5 33. h4 Be7
0-1

[Event "I Open Salinello A"]
[Site "Tortoreto ITA"]
[Date "2015.05.27"]
[Round "2"]
[White "Bruno, Fabio"]
[Black "Stopa, Jacek"]
[WhiteElo "2425"]
[BlackElo "2528"]
[Result "1/2-1/2"]
[PlyCount "74"]
[EventDate "2015.05.26"]

1. d4 f5 2. Nf3 Nf6 3. g3 g6 4. Bg2 Bg7 5. O-O O-O 6. c4 d6 7. Nc3 c6 8. d5 e5
9. dxe6 Bxe6 10. b3 Na6 11. Bb2 Qe7 12. Qd2 Rad8 13. Rad1 Nc5 14. Qc1 Rfe8 15.
Nd4 Bd7 16. e3 Nce4 17. Nde2 g5 18. Ba3 Bc8 19. Nxe4 fxe4 20. h3 Bf5 21. Rd2
Rd7 22. Rfd1 Red8 23. g4 Bg6 24. Ng3 h5 25. Qc2 hxg4 26. hxg4 Qe6 27. Bb2 d5
28. cxd5 cxd5 29. Nf5 Bxf5 30. gxf5 Qxf5 31. Bxf6 Bxf6 32. Bxe4 Qg4+ 33. Kf1
dxe4 34. Rxd7 Qh3+ 35. Kg1 Qg4+ 36. Kf1 Qh3+ 37. Kg1 Qg4+ 1/2-1/2

[Event "I Open Salinello A"]
[Site "Tortoreto ITA"]
[Date "2015.05.27"]
[Round "2"]
[White "Dvirnyy, Danyyil"]
[Black "Aghayev, Miragha"]
[WhiteElo "2540"]
[BlackElo "2367"]
[Result "1-0"]
[PlyCount "79"]
[EventDate "2015.05.26"]

1. e4 c5 2. Nf3 d6 3. d4 Nf6 4. Nc3 cxd4 5. Nxd4 Bd7 6. Bg5 e6 7. Ndb5 Bc6 8.
Bxf6 gxf6 9. Qh5 a6 10. Nd4 Bd7 11. O-O-O Nc6 12. Nb3 Qb6 13. Rd2 Rc8 14. f4
Qe3 15. g3 Nb4 16. Kb1 Qe1+ 17. Rd1 Qf2 18. Rd2 Qe1+ 19. Rd1 Qf2 20. Be2 b5 21.
Nd4 e5 22. Rhf1 Qg2 23. Nf5 Rxc3 24. bxc3 Qxe4 25. Ne3 Qxe3 26. cxb4 Qc3 27.
Rd3 Qxb4+ 28. Rb3 Qc5 29. Bg4 Bxg4 30. Qxg4 e4 31. Rd1 f5 32. Qg5 b4 33. c3 a5
34. cxb4 axb4 35. Rc1 Qb5 36. Qf6 Rg8 37. Qd4 d5 38. Qe5+ Be7 39. Rc8+ Kd7 40.
Rc7+ 1-0

[Event "I Open Salinello A"]
[Site "Tortoreto ITA"]
[Date "2015.05.27"]
[Round "2"]
[White "Efroimski, Marsel"]
[Black "Valsecchi, Alessio"]
[WhiteElo "2244"]
[BlackElo "2445"]
[Result "1/2-1/2"]
[PlyCount "80"]
[EventDate "2015.05.26"]

1. e4 d6 2. d4 Nf6 3. Nc3 e5 4. dxe5 dxe5 5. Qxd8+ Kxd8 6. Bg5 c6 7. g3 Bb4 8.
f4 h6 9. O-O-O+ Nbd7 10. Bxf6+ gxf6 11. fxe5 fxe5 12. Nf3 Kc7 13. Bh3 f6 14.
Rhf1 Bxc3 15. Bxd7 Bxd7 16. bxc3 Rhg8 17. Nh4 Raf8 18. Kd2 c5 19. Nf5 Be6 20.
Ne3 b5 21. Ke2 Kc6 22. Rd2 Rg7 23. Rfd1 Bxa2 24. Rd6+ Kb7 25. Ra1 Bg8 26. Ra5
b4 27. Rda6 Kb8 28. Rxc5 Rb7 29. c4 Bh7 30. Kf3 h5 31. Rcc6 f5 32. exf5 Bxf5
33. Nxf5 Rxf5+ 34. Ke3 b3 35. cxb3 Rxb3+ 36. Ke4 Rf2 37. Rh6 Rxh2 38. Rh7 Rc2
39. Kd5 Rd3+ 40. Kxe5 Rxc4 1/2-1/2

[Event "I Open Salinello A"]
[Site "Tortoreto ITA"]
[Date "2015.05.27"]
[Round "2"]
[White "Luciani, Valerio"]
[Black "Basso, Pier Luigi"]
[WhiteElo "2202"]
[BlackElo "2429"]
[Result "1/2-1/2"]
[PlyCount "150"]
[EventDate "2015.05.26"]

1. d4 d5 2. Nf3 Nf6 3. e3 c6 4. Bd3 Bg4 5. Nbd2 Nbd7 6. h3 Bh5 7. b3 e6 8. Bb2
Bd6 9. O-O O-O 10. Qe1 Bxf3 11. Nxf3 Ne4 12. Ne5 f6 13. Nxd7 Qxd7 14. Bxe4 dxe4
15. f3 exf3 16. Rxf3 Rfe8 17. Rd1 Rad8 18. e4 Bc7 19. Rfd3 Qd6 20. e5 fxe5 21.
Qxe5 Qxe5 22. dxe5 Rd5 23. c4 Rxd3 24. Rxd3 Re7 25. Ba3 Bb6+ 26. Kh2 c5 27. Kg3
Kf7 28. Kf4 Rc7 29. Ke4 Ke7 30. Bc1 Rc6 31. Bg5+ Ke8 32. g4 Bc7 33. Be3 Ba5 34.
h4 Bd8 35. h5 Be7 36. Bd2 a6 37. Rh3 h6 38. Rf3 b5 39. Ba5 Rc8 40. Rd3 Rb8 41.
Bc7 Rb7 42. Bd6 bxc4 43. bxc4 Rb4 44. Rc3 Kd7 45. Bxe7 Kxe7 46. Ra3 Rxc4+ 47.
Kf3 Rc1 48. Rxa6 c4 49. Ra7+ Kf8 50. Rc7 c3 51. a4 c2 52. Kg2 Ke8 53. a5 Kd8
54. Rc4 Ra1 55. Rxc2 Rxa5 56. Rf2 Ke8 57. Re2 Ra3 58. Kf2 Kf7 59. Re3 Ra4 60.
Kg3 Ra5 61. Rf3+ Kg8 62. Re3 g6 63. Kf4 Ra4+ 64. Re4 Ra3 65. Re3 Ra4+ 66. Re4
Ra1 67. Rb4 Rf1+ 68. Kg3 gxh5 69. gxh5 Rf5 70. Rb8+ Kf7 71. Rb7+ Kf8 72. Rb8+
Ke7 73. Rb7+ Ke8 74. Kg4 Rxe5 75. Rh7 Re4+ 1/2-1/2

[Event "I Open Salinello A"]
[Site "Tortoreto ITA"]
[Date "2015.05.27"]
[Round "2"]
[White "Maiorov, Nikita"]
[Black "Garcia Palermo, Carlos Horacio"]
[WhiteElo "2563"]
[BlackElo "2427"]
[Result "1-0"]
[PlyCount "105"]
[EventDate "2015.05.26"]

1. d4 e6 2. c4 b6 3. e3 Bb7 4. Nf3 Nf6 5. Bd3 d5 6. O-O Bd6 7. b3 O-O 8. Nc3 a6
9. Bb2 Nbd7 10. Rc1 Qe7 11. Rc2 Ne4 12. Ne2 f5 13. Ne5 Rad8 14. cxd5 exd5 15.
f4 c5 16. Ng3 b5 17. dxc5 Ndxc5 18. Qe2 Qh4 19. Bxe4 dxe4 20. Ba3 Nd3 21. Bxd6
Rxd6 22. Qh5 Qxh5 23. Nxh5 Rc8 24. Rxc8+ Bxc8 25. Rd1 b4 26. Ng3 Rd5 27. Kf1 a5
28. Nxd3 Ba6 29. Ke1 Bxd3 30. Ne2 a4 31. Nd4 Rc5 32. Ra1 Ra5 33. Rd1 axb3 34.
axb3 Kf7 35. Kf2 Ra2+ 36. Kg3 g6 37. Rc1 h5 38. h3 h4+ 39. Kxh4 Rxg2 40. Rc7+
Kf6 41. Rb7 Bf1 42. Rxb4 Rh2 43. Rb6+ Kf7 44. Kg5 Rg2+ 45. Kh6 Rg3 46. Rb7+ Kf6
47. Kh7 g5 48. Rb6+ Kf7 49. Nxf5 Rxh3+ 50. Nh6+ Rxh6+ 51. Kxh6 gxf4 52. exf4 e3
53. f5 1-0

[Event "I Open Salinello A"]
[Site "Tortoreto ITA"]
[Date "2015.05.27"]
[Round "2"]
[White "Pescatore, Lorenzo"]
[Black "Pap, Misa"]
[WhiteElo "2270"]
[BlackElo "2488"]
[Result "1/2-1/2"]
[PlyCount "172"]
[EventDate "2015.05.26"]

1. e4 e5 2. Nf3 Nc6 3. d4 exd4 4. Bc4 Nf6 5. e5 d5 6. Bb5 Ne4 7. Nxd4 Bd7 8.
Bxc6 bxc6 9. O-O Bc5 10. f3 Ng5 11. f4 Ne4 12. Be3 Bb6 13. Nc3 Nxc3 14. bxc3
O-O 15. Qf3 f6 16. e6 Bxd4 17. Bxd4 Bxe6 18. f5 Bf7 19. Rfe1 Qd7 20. Re2 a5 21.
Rae1 Rfe8 22. Rxe8+ Rxe8 23. Rxe8+ Qxe8 24. Kf2 Qe7 25. Qe3 Qd7 26. Qf4 h5 27.
h3 Qe7 28. Qe3 Qd6 29. Bc5 Qd7 30. g4 d4 31. cxd4 Bxa2 32. Qa3 Bd5 33. Qxa5 Qe8
34. Qe1 Qxe1+ 35. Kxe1 Bg2 36. gxh5 Bxh3 37. Kf2 Kh7 38. Kg3 Bxf5 39. c3 Bd3
40. Ba3 Be2 41. Kh4 Kg8 42. Be7 Kh7 43. Ba3 Bf3 44. Bc1 c5 45. dxc5 c6 46. Be3
Kg8 47. Bd4 Kf7 48. Bf2 Ke6 49. Be3 Ke5 50. Bf2 Kd5 51. Bd4 Be4 52. Kg4 Bc2 53.
Kf4 Ke6 54. Kg4 Bd1+ 55. Kh4 Kf5 56. Be3 Bc2 57. Bd4 Bd3 58. Be3 Bf1 59. Bd4
Bc4 60. Be3 Bg8 61. Kg3 Ke4 62. Bd4 Kf5 63. Be3 Ke6 64. Kg4 Bh7 65. Bd4 Bc2 66.
Kh4 Kf5 67. Be3 Ke4 68. Bd4 Kf4 69. h6 g5+ 70. Kh5 g4 71. Bxf6 g3 72. Bd4 Bh7
73. Bg1 g2 74. Kh4 Bc2 75. Bh2+ Kf3 76. Kg5 Kf2 77. Kf6 g1=Q 78. Bxg1+ Kxg1 79.
Ke5 Kf2 80. Kd6 Be4 81. h7 Bxh7 82. Kxc6 Ke3 83. Kd6 Kd3 84. c6 Bf5 85. c7 Kxc3
86. Ke5 Bc8 1/2-1/2

[Event "I Open Salinello A"]
[Site "Tortoreto ITA"]
[Date "2015.05.27"]
[Round "2"]
[White "Pijpers, Arthur"]
[Black "Greenfeld, Alon"]
[WhiteElo "2428"]
[BlackElo "2544"]
[Result "1/2-1/2"]
[PlyCount "78"]
[EventDate "2015.05.26"]

1. e4 c5 2. Nc3 Nc6 3. Nge2 Nf6 4. d4 cxd4 5. Nxd4 d6 6. Bg5 e6 7. Qd2 Be7 8.
O-O-O O-O 9. f4 Nxd4 10. Qxd4 Qa5 11. e5 dxe5 12. Qxe5 Qxe5 13. fxe5 Nd5 14.
Bxe7 Nxe7 15. Bd3 b6 16. Be4 Rb8 17. Rhe1 Bb7 18. Rd7 Bxe4 19. Rxe4 Nc6 20. Nb5
Rfd8 21. Rc7 Rdc8 22. Rxc8+ Rxc8 23. Rc4 Ne7 24. Rxc8+ Nxc8 25. Kd2 Kf8 26. Kd3
Ke7 27. c4 Kd7 28. b4 a6 29. Nd4 Ne7 30. Ke4 f5+ 31. exf6 gxf6 32. g4 Nc8 33.
c5 bxc5 34. bxc5 Ne7 35. h4 h6 36. Nf3 Kc6 37. g5 fxg5 38. hxg5 hxg5 39. Nxg5
Kxc5 1/2-1/2

[Event "I Open Salinello A"]
[Site "Tortoreto ITA"]
[Date "2015.05.27"]
[Round "2"]
[White "Sprenger, Jan Michael"]
[Black "De Santis, Alessio"]
[WhiteElo "2503"]
[BlackElo "2267"]
[Result "1-0"]
[PlyCount "83"]
[EventDate "2015.05.26"]

1. e4 d5 2. exd5 Qxd5 3. Nc3 Qd6 4. d4 Nf6 5. Nf3 a6 6. g3 b5 7. Bg2 Bb7 8. O-O
e6 9. a4 b4 10. Bf4 Qd8 11. Ne2 Nbd7 12. c4 bxc3 13. bxc3 Bd6 14. c4 O-O 15. c5
Bxf4 16. Nxf4 Rb8 17. Qe2 a5 18. Rfd1 Nd5 19. Nxe6 fxe6 20. c6 Qf6 21. Rdc1
Bxc6 22. Rxc6 Rb6 23. Rxb6 N5xb6 24. Rc1 Re8 25. Qb5 Qd8 26. Ra1 Nf6 27. Qxa5
Qd7 28. Qb4 Nfd5 29. Qb3 Ra8 30. a5 Qd6 31. Ne5 Nd7 32. Nxd7 Qxd7 33. Qb7 Qd8
34. Qc6 Kf7 35. Re1 Rxa5 36. Qxe6+ Kf8 37. Bxd5 Rxd5 38. Re3 g6 39. Rf3+ Kg7
40. Rf7+ Kh8 41. Re7 Qd6 42. Qf7 1-0

[Event "I Open Salinello A"]
[Site "Tortoreto ITA"]
[Date "2015.05.27"]
[Round "2"]
[White "Strikovic, Aleksa"]
[Black "Sibilio, Mario"]
[WhiteElo "2526"]
[BlackElo "2295"]
[Result "1-0"]
[PlyCount "119"]
[EventDate "2015.05.26"]

1. c4 e5 2. Nc3 Nf6 3. g3 Bb4 4. Bg2 O-O 5. Nf3 Re8 6. O-O c6 7. Qb3 a5 8. a3
Bf8 9. d3 Na6 10. Qc2 h6 11. e4 d6 12. h3 Be6 13. b3 b5 14. Bd2 b4 15. axb4
Nxb4 16. Qb1 Nd7 17. d4 f6 18. d5 Bf7 19. dxc6 Nxc6 20. Nd5 Rb8 21. Qc2 Nc5 22.
Ra3 Bg6 23. Re1 Bh7 24. Bc3 Kh8 25. Nd2 Rb7 26. Rea1 Qb8 27. Qd1 Nb4 28. h4
Nxd5 29. cxd5 f5 30. exf5 Bxf5 31. Bxa5 Rc8 32. Bf1 e4 33. Bc4 Rf7 34. Bc3 Nd3
35. Qh5 Kg8 36. Bd4 g6 37. Qe2 Bg7 38. Bxg7 Kxg7 39. Bxd3 exd3 40. Qe3 Qb4 41.
Ra7 Rcc7 42. Rxc7 Rxc7 43. Ra4 Qc3 44. g4 Bc8 45. Rc4 Rxc4 46. bxc4 Qf6 47. f3
Qxh4 48. Qxd3 Qg3+ 49. Kf1 Qf4 50. Ke2 h5 51. gxh5 gxh5 52. Ne4 h4 53. Qd4+ Kf7
54. Qa7+ Kg6 55. Qe7 Ba6 56. Qxd6+ Qxd6 57. Nxd6 Kf6 58. f4 Ke7 59. Nf5+ Kf6
60. Ne3 1-0

[Event "I Open Salinello A"]
[Site "Tortoreto ITA"]
[Date "2015.05.28"]
[Round "3"]
[White "Basso, Pier Luigi"]
[Black "Raznikov, Danny"]
[WhiteElo "2429"]
[BlackElo "2484"]
[Result "0-1"]
[PlyCount "82"]
[EventDate "2015.05.26"]

1. c4 c5 2. g3 g6 3. Bg2 Bg7 4. Nc3 Nc6 5. Nf3 d6 6. O-O e6 7. e3 Nge7 8. d4
O-O 9. d5 Na5 10. Nd2 exd5 11. Nxd5 Nxd5 12. cxd5 b5 13. Rb1 b4 14. Bf3 c4 15.
Be2 c3 16. bxc3 bxc3 17. Nf3 Bf5 18. Rb5 Bd7 19. Rb4 Rb8 20. Ba3 Rxb4 21. Bxb4
Qb6 22. a3 Rc8 23. Nd4 Bxd4 24. Qxd4 Qxd4 25. exd4 Nb3 26. Ba6 c2 27. Bxc8 Bxc8
28. Bxd6 Bh3 29. Re1 c1=Q 30. Rxc1 Nxc1 31. f3 Nd3 32. g4 f5 33. g5 f4 34. a4
Kf7 35. a5 a6 36. Ba3 Ke8 37. Bd6 Kd7 38. Ba3 Ne1 39. Kf2 Nc2 40. Bc1 Nxd4 41.
Bxf4 Nb3 0-1

[Event "I Open Salinello A"]
[Site "Tortoreto ITA"]
[Date "2015.05.28"]
[Round "3"]
[White "Bifulco, Michel"]
[Black "Moroni, Luca jr"]
[WhiteElo "2159"]
[BlackElo "2437"]
[Result "0-1"]
[PlyCount "68"]
[EventDate "2015.05.26"]

1. e4 e6 2. d4 d5 3. e5 c5 4. c3 Nc6 5. Nf3 Qb6 6. a3 Bd7 7. b4 cxd4 8. cxd4
Rc8 9. Bb2 Na5 10. Nbd2 Nc4 11. Nxc4 dxc4 12. Rc1 Qa6 13. Nd2 b5 14. Ne4 Bc6
15. Nc5 Qb6 16. Qg4 Nh6 17. Qh3 Nf5 18. Be2 Be7 19. Bf3 Nh4 20. Bxc6+ Qxc6 21.
O-O O-O 22. Rc3 Nf5 23. Qg4 Rfd8 24. Rh3 Bxc5 25. dxc5 a5 26. Qf4 Rd7 27. g4
Ne7 28. Re1 Rcd8 29. Qg5 Rd1 30. Rhe3 Ng6 31. Re4 h6 32. Qe3 Rxe1+ 33. Qxe1 Nh4
34. Kf1 Nf3 0-1

[Event "I Open Salinello A"]
[Site "Tortoreto ITA"]
[Date "2015.05.28"]
[Round "3"]
[White "Boruchovsky, Avital"]
[Black "Maiorov, Nikita"]
[WhiteElo "2517"]
[BlackElo "2563"]
[Result "1/2-1/2"]
[PlyCount "44"]
[EventDate "2015.05.26"]

1. d4 Nf6 2. c4 e6 3. Nf3 b6 4. g3 Bb7 5. Bg2 Bb4+ 6. Bd2 a5 7. O-O O-O 8. Bf4
Be7 9. Nc3 d5 10. cxd5 exd5 11. Rc1 Na6 12. Ne5 c5 13. Na4 cxd4 14. Qb3 Bb4 15.
a3 b5 16. axb4 bxa4 17. Qxa4 Nxb4 18. Nd3 Ba6 19. Nxb4 axb4 20. Qd1 Re8 21. Re1
Qb6 22. Bc7 Qa7 1/2-1/2

[Event "I Open Salinello A"]
[Site "Tortoreto ITA"]
[Date "2015.05.28"]
[Round "3"]
[White "Efroimski, Marsel"]
[Black "Pescatore, Lorenzo"]
[WhiteElo "2244"]
[BlackElo "2270"]
[Result "1/2-1/2"]
[PlyCount "86"]
[EventDate "2015.05.26"]

1. e4 c5 2. Nf3 Nc6 3. Bb5 d6 4. O-O Bd7 5. Re1 a6 6. Bf1 g6 7. c3 Bg7 8. d4
cxd4 9. cxd4 Bg4 10. d5 Nd4 11. Nc3 Nxf3+ 12. gxf3 Bd7 13. Be3 Nf6 14. f4 O-O
15. Bg2 e6 16. dxe6 Bxe6 17. e5 dxe5 18. Qxd8 Rfxd8 19. fxe5 Ng4 20. Bg5 Rd7
21. f4 Rc8 22. h3 Nh6 23. Rad1 Rdc7 24. Bd8 Rd7 25. Bg5 Rdc7 26. Nd5 Bxd5 27.
Bxd5 Nf5 28. e6 h6 29. Bxb7 Rxb7 30. e7 Nxe7 31. Bxe7 Rxb2 32. Rd8+ Rxd8 33.
Bxd8 Bd4+ 34. Kh1 Rxa2 35. Re8+ Kg7 36. Be7 h5 37. Rd8 Rd2 38. Bb4 Rd1+ 39. Kg2
Rg1+ 40. Kh2 Bb6 41. Rd6 Be3 42. Rd3 Bb6 43. Rd6 Be3 1/2-1/2

[Event "I Open Salinello A"]
[Site "Tortoreto ITA"]
[Date "2015.05.28"]
[Round "3"]
[White "Greenfeld, Alon"]
[Black "Sprenger, Jan Michael"]
[WhiteElo "2544"]
[BlackElo "2503"]
[Result "0-1"]
[PlyCount "84"]
[EventDate "2015.05.26"]

1. d4 d5 2. c4 dxc4 3. e4 e5 4. Nf3 exd4 5. Bxc4 Nc6 6. O-O Be6 7. Nbd2 Bxc4 8.
Nxc4 Bc5 9. Nfe5 Nxe5 10. Nxe5 Qf6 11. Qa4+ c6 12. Nd3 Bb6 13. Bf4 Ne7 14. Be5
Qg6 15. Qb4 c5 16. Nxc5 Nc6 17. Qb5 O-O 18. Bg3 Bxc5 19. Qxc5 Qxe4 20. Rfe1 Qg4
21. f3 Qd7 22. Red1 Rfd8 23. Rd2 Qd5 24. b4 a5 25. Bc7 axb4 26. Qb6 Rdc8 27.
Rc1 Qd7 28. Bg3 Ra6 29. Qb5 Ra5 30. Qb6 Rca8 31. Bc7 R5a6 32. Qxb7 R8a7 33. Qb5
Qxc7 34. Rdc2 Qd8 35. Rxc6 Rxc6 36. Rxc6 Rxa2 37. Qxb4 Ra1+ 38. Kf2 Qh4+ 39.
Ke2 h6 40. Qd2 Qe7+ 41. Kf2 Qh4+ 42. Ke2 Qxh2 0-1

[Event "I Open Salinello A"]
[Site "Tortoreto ITA"]
[Date "2015.05.28"]
[Round "3"]
[White "Korneev, Oleg"]
[Black "Parrini, Daniele"]
[WhiteElo "2572"]
[BlackElo "2180"]
[Result "1-0"]
[PlyCount "73"]
[EventDate "2015.05.26"]

1. e4 c5 2. Nf3 e6 3. d4 cxd4 4. Nxd4 a6 5. Bd3 Bc5 6. Nb3 Be7 7. Qg4 g6 8. Qe2
d6 9. Be3 Nf6 10. N1d2 Nc6 11. f4 e5 12. O-O-O Ng4 13. g3 Nxe3 14. Qxe3 b5 15.
Kb1 Bd7 16. h4 h5 17. Rhf1 exf4 18. gxf4 Qc7 19. Nf3 Bg4 20. Be2 O-O 21. Nfd4
Bxe2 22. Qxe2 Bf6 23. Rg1 Nxd4 24. Nxd4 Bxd4 25. Rxd4 Qc5 26. c3 b4 27. Rg5 Qc8
28. Qxh5 Qh3 29. Rxg6+ fxg6 30. Qxg6+ Kh8 31. Rd5 Qh1+ 32. Kc2 Qxh4 33. Rh5+
Qxh5 34. Qxh5+ Kg7 35. Qg5+ Kf7 36. Qd5+ Ke7 37. f5 1-0

[Event "I Open Salinello A"]
[Site "Tortoreto ITA"]
[Date "2015.05.28"]
[Round "3"]
[White "Pap, Misa"]
[Black "Bruno, Fabio"]
[WhiteElo "2488"]
[BlackElo "2425"]
[Result "1-0"]
[PlyCount "119"]
[EventDate "2015.05.26"]

1. e4 c5 2. Nf3 e6 3. c3 Nf6 4. e5 Nd5 5. d4 cxd4 6. cxd4 d6 7. Bc4 Nc6 8. Qe2
Be7 9. O-O O-O 10. Nc3 Nxc3 11. bxc3 dxe5 12. dxe5 Qa5 13. Bd2 Rd8 14. Rfe1 Bd7
15. Qe4 Be8 16. Rab1 Qc7 17. Ng5 g6 18. Qh4 h5 19. Bf4 Nd4 20. cxd4 Qxc4 21.
Be3 Qd5 22. Qf4 Rdc8 23. Ne4 Rc4 24. Nf6+ Bxf6 25. Qxf6 Bc6 26. f3 Qd8 27. Qf4
Rc8 28. Rb2 Bd5 29. Reb1 b6 30. Bf2 Bb7 31. h3 g5 32. Qd2 f5 33. exf6 Qxf6 34.
Re1 Rd8 35. Rb5 Rc5 36. Rxc5 bxc5 37. Qa5 Bd5 38. dxc5 g4 39. hxg4 hxg4 40.
fxg4 Rf8 41. Qd2 Bxg2 42. Kxg2 Qf3+ 43. Kh2 Qxf2+ 44. Qxf2 Rxf2+ 45. Kg3 Rc2
46. Rxe6 Rxc5 47. Ra6 Rc7 48. Kh4 Kg7 49. Kh5 Rc5+ 50. g5 Rc7 51. a4 Rd7 52. a5
Rb7 53. Rc6 Kg8 54. Rc8+ Kg7 55. a6 Rd7 56. Rb8 Rd6 57. Rb7+ Kg8 58. Rxa7 Rb6
59. g6 Rb1 60. Rb7 1-0

[Event "I Open Salinello A"]
[Site "Tortoreto ITA"]
[Date "2015.05.28"]
[Round "3"]
[White "Stopa, Jacek"]
[Black "Pijpers, Arthur"]
[WhiteElo "2528"]
[BlackElo "2428"]
[Result "1/2-1/2"]
[PlyCount "92"]
[EventDate "2015.05.26"]

1. Nf3 d5 2. c4 d4 3. b4 f6 4. e3 e5 5. c5 d3 6. Qb3 e4 7. Nd4 Nc6 8. Bb2 f5 9.
g3 Nf6 10. Bg2 a5 11. a3 Qd5 12. Qxd5 Nxd5 13. f3 Nxd4 14. Bxd4 exf3 15. Bxf3
Be6 16. Nc3 O-O-O 17. Nxd5 Bxd5 18. O-O h5 19. Bg2 Bxg2 20. Kxg2 Rd5 21. Rac1
Rg8 22. bxa5 g6 23. Rc3 Bg7 24. Bxg7 Rxg7 25. Rb1 Re7 26. Kf3 Re6 27. c6 Rxc6
28. Rxc6 bxc6 29. a6 Ra5 30. Rb3 Rxa6 31. Rxd3 Ra4 32. h4 c5 33. Rc3 Kd7 34.
Rxc5 Rxa3 35. Rd5+ Ke6 36. Rd8 Ra4 37. Rg8 Rg4 38. d3 c6 39. Rg7 Kd6 40. Rf7
Ke6 41. Rf8 Ke7 42. Rg8 Ke6 43. e4 fxe4+ 44. dxe4 Ke5 45. Rf8 Ke6 46. Ra8 Ke5
1/2-1/2

[Event "I Open Salinello A"]
[Site "Tortoreto ITA"]
[Date "2015.05.28"]
[Round "3"]
[White "Strikovic, Aleksa"]
[Black "Dvirnyy, Danyyil"]
[WhiteElo "2526"]
[BlackElo "2540"]
[Result "0-1"]
[PlyCount "110"]
[EventDate "2015.05.26"]

1. c4 c5 2. Nf3 Nf6 3. Nc3 g6 4. e4 Nc6 5. d4 cxd4 6. Nxd4 d6 7. Be2 Nxd4 8.
Qxd4 Bg7 9. Bg5 O-O 10. Qd2 a5 11. O-O a4 12. Rac1 Bd7 13. Rfd1 Bc6 14. f3 Nd7
15. Rc2 Nc5 16. Rb1 Re8 17. Nd5 Bxd5 18. cxd5 Qb6 19. Be3 Rec8 20. b4 axb3 21.
axb3 Bh6 22. Qd4 Bxe3+ 23. Qxe3 Ra3 24. Rc3 Rca8 25. Qd4 Ra1 26. Rcc1 Rxb1 27.
Rxb1 Ra2 28. Kf1 Qa5 29. b4 Qa4 30. Rc1 f6 31. Bd1 Qa6+ 32. Qc4 Nd3 33. Qxa6
bxa6 34. Rb1 Rf2+ 35. Kg1 Rd2 36. Kf1 Nxb4 37. Ke1 Rd4 38. Ke2 Rc4 39. Kd2 a5
40. Ra1 Rc5 41. g4 g5 42. Ba4 Kf7 43. Bb3 Kg6 44. Ba4 Kf7 45. Bb3 Na6 46. Kd3
Rc8 47. Bc4 Nc5+ 48. Kc3 h5 49. h3 a4 50. Rb1 Nd7 51. Kd4 Ne5 52. Be2 h4 53.
Ra1 Rc2 54. Ke3 Rc3+ 55. Kd2 Rb3 0-1

[Event "I Open Salinello A"]
[Site "Tortoreto ITA"]
[Date "2015.05.28"]
[Round "3"]
[White "Valsecchi, Alessio"]
[Black "Luciani, Valerio"]
[WhiteElo "2445"]
[BlackElo "2202"]
[Result "1-0"]
[PlyCount "87"]
[EventDate "2015.05.26"]

1. e4 c5 2. Nf3 d6 3. d4 cxd4 4. Nxd4 Nf6 5. Nc3 a6 6. Bg5 e6 7. Qe2 Qc7 8.
O-O-O Be7 9. f4 Nbd7 10. Kb1 b5 11. e5 dxe5 12. fxe5 Qxe5 13. Qf3 Qxg5 14. Qxa8
O-O 15. Be2 Bc5 16. Nb3 Bb6 17. Qc6 Qe5 18. Bf3 Qb8 19. Rhe1 Qxh2 20. a4 bxa4
21. Nxa4 Ba7 22. Qc3 Qf4 23. Nac5 Nxc5 24. Nxc5 Qc7 25. Ne4 Qxc3 26. Nxc3 Bb8
27. Re3 g5 28. Red3 Bc7 29. Na4 g4 30. Bc6 Nh5 31. Nc5 Nf4 32. Ra3 a5 33. Nd7
Bxd7 34. Rxd7 Bd8 35. Ra4 e5 36. g3 Nh5 37. Rxg4+ Kh8 38. Rc4 Nxg3 39. Bd5 Bb6
40. Rc6 Be3 41. Bxf7 Ne4 42. Ka2 Ng5 43. Bd5 h5 44. Rh6+ 1-0

[Event "I Open Salinello A"]
[Site "Tortoreto ITA"]
[Date "2015.05.28"]
[Round "4"]
[White "Aghayev, Miragha"]
[Black "Efroimski, Marsel"]
[WhiteElo "2367"]
[BlackElo "2244"]
[Result "1/2-1/2"]
[PlyCount "43"]
[EventDate "2015.05.26"]

1. e4 c5 2. c3 e6 3. d4 d5 4. exd5 exd5 5. Nf3 Nc6 6. Bb5 Bd6 7. dxc5 Bxc5 8.
O-O Nge7 9. Nbd2 O-O 10. Nb3 Bb6 11. h3 Qd6 12. Nfd4 Nf5 13. Nxf5 Bxf5 14. Bd3
Bxd3 15. Qxd3 d4 16. cxd4 Nxd4 17. Nxd4 Qxd4 18. Qxd4 Bxd4 19. Be3 Bxe3 20.
fxe3 Rfe8 21. Rac1 Re7 22. Kf2 1/2-1/2

[Event "I Open Salinello A"]
[Site "Tortoreto ITA"]
[Date "2015.05.28"]
[Round "4"]
[White "Bar, Aviv"]
[Black "Strikovic, Aleksa"]
[WhiteElo "2110"]
[BlackElo "2526"]
[Result "1-0"]
[PlyCount "85"]
[EventDate "2015.05.26"]

1. e4 d6 2. d4 Nf6 3. Nc3 e5 4. Nf3 Nbd7 5. Rg1 exd4 6. Nxd4 Nc5 7. Qe2 Be7 8.
Bf4 O-O 9. O-O-O Re8 10. f3 c6 11. g4 Ne6 12. Nxe6 Bxe6 13. Qd2 d5 14. g5 Nh5
15. Be3 dxe4 16. Nxe4 Qd5 17. c4 Qxd2+ 18. Rxd2 b6 19. Be2 Bf5 20. Bd3 g6 21.
Bc2 Kf8 22. a3 Rad8 23. Rgd1 Rxd2 24. Rxd2 Ng7 25. Ba4 Bxe4 26. fxe4 Rc8 27.
Rd7 Ne6 28. h4 b5 29. Bb3 Bc5 30. Bd2 Rc7 31. Rd3 Bf2 32. Rh3 a6 33. cxb5 cxb5+
34. Kb1 Bd4 35. Rd3 Be5 36. Ba5 Rb7 37. Bxe6 fxe6 38. Bc3 Bf4 39. Rd8+ Kf7 40.
Rh8 Rc7 41. Rxh7+ Kg8 42. Rh6 Kf7 43. h5 1-0

[Event "I Open Salinello A"]
[Site "Tortoreto ITA"]
[Date "2015.05.28"]
[Round "4"]
[White "Damia, Angelo"]
[Black "Stopa, Jacek"]
[WhiteElo "2194"]
[BlackElo "2528"]
[Result "0-1"]
[PlyCount "116"]
[EventDate "2015.05.26"]

1. e4 e5 2. d4 exd4 3. Qxd4 Nc6 4. Qe3 Nf6 5. Nc3 Bb4 6. Bd2 O-O 7. O-O-O Re8
8. Qg3 d6 9. f3 Ne5 10. Nge2 c6 11. a3 Ba5 12. Nd4 Kh8 13. Nb3 Bb6 14. Be2 Be6
15. Bg5 h6 16. Qh4 Ng6 17. Bxf6 Nxh4 18. Bxd8 Raxd8 19. g3 Ng6 20. Nd4 Bc8 21.
f4 Nf8 22. Rhe1 g6 23. Bf3 Kg7 24. Na4 Bc7 25. c4 Nd7 26. b4 Nf6 27. c5 d5 28.
e5 Ng8 29. b5 Ne7 30. b6 Bb8 31. Kb2 a6 32. Kc3 f6 33. exf6+ Kxf6 34. Nb2 Nf5
35. Nd3 Ne3 36. Ra1 g5 37. Ne5 Bxe5 38. fxg5+ hxg5 39. Rxe3 g4 40. Be2 Bxd4+
41. Kxd4 Rxe3 42. Kxe3 Re8+ 43. Kd2 Rh8 44. Rf1+ Ke5 45. Kc3 Rxh2 46. Re1 Kf6
47. Bd3 Be6 48. Rf1+ Ke7 49. Bf5 Bxf5 50. Rxf5 Rg2 51. Re5+ Kf6 52. Re3 Ra2 53.
Re8 Rxa3+ 54. Kd2 Ra5 55. Rb8 Rxc5 56. Rxb7 Rb5 57. Rb8 Ke5 58. Kc3 Kd6 0-1